El Estado en condiciones de abigarramiento : el caso boliviano /

El presente trabajo tiene como objetivo dar cuenta de la pertinencia del uso de la categoría de abigarramiento del Estado para la comprensión de los procesos políticos y sociales que definen la actualidad boliviana. En el espacio que reclama ser un Estado-nación, no solo existen las estructuras del...

Full description

Bibliographic Details
Main Author: Tapia Maella, Luis
Format: Analitica de revista
Language:English
Published: Santiago, Chile Arcis 2010
Online Access:

MARC

LEADER 00000cab a2200000 a 4500
001 024654
003 UAHC_CL
005 20170816141137.0
008 120306b2006 xx j 000 1 eng
952 |0 0  |1 0  |4 0  |6 AMERICA_LATINA10_11_000000000000000  |7 0  |8 General  |9 49226  |a BC  |b BC  |c General  |d 2017-08-03  |l 0  |o AMERICA LATINA-10/11  |p FICTICIO258  |r 2019-01-08 00:00:00  |t 1  |w 2017-08-03  |y REVA 
999 |c 24654  |d 24654 
022 |a 07177097 
040 |a UAHC_CL  |c UAHC_CL  |d UAHC_CL 
100 1 |a Tapia Maella, Luis 
245 1 3 |a El Estado en condiciones de abigarramiento :  |b el caso boliviano /  |c Luis Tapia Maella. 
260 |b Arcis  |a Santiago, Chile  |c 2010 
300 |a p. 55-88 
500 |a En: América Latina, n˚10, 2010. ISBN 07177097. p. 55-88. 
520 |a El presente trabajo tiene como objetivo dar cuenta de la pertinencia del uso de la categoría de abigarramiento del Estado para la comprensión de los procesos políticos y sociales que definen la actualidad boliviana. En el espacio que reclama ser un Estado-nación, no solo existen las estructuras del Estado más o menos republicano y moderno, sino que también existe una diversidad de otras formas políticas de autogobierno y estructuras de autoridad, que son la principal forma en que se relativiza, se reduce o se cancela la idea y la factualidad del monopolio de la política. 
773 0 |t América Latina : revista del doctorado en procesos sociales y políticos en América Latina  |w 024597 
900 |a AMERICA LATINA-10/11 
942 |c REVA  |2 ddc